Drapeaux des régions de France - Statistiques

Statistiques générales
  • Ce quiz a été pris 1 232 fois
  • Le résultat moyen est 7 sur 21
Statistiques - réponses
Par images Réponse % Correct
Bretagne
97%
Corse
97%
Ile-de-France
59%
Normandie
59%
Pays de la Loire
43%
Provence-Alpes-Cote d'Azur
34%
Alsace
33%
Auvergne
31%
Rhône-Alpes
30%
Languedoc Roussillon
28%
Nord-Pas-de-Calais
25%
Lorraine
24%
Midi-Pyrénées
24%
Bourgogne
21%
Aquitaine
20%
Centre-Val de Loire
18%
Franche-Comté
17%
Champagne-Ardenne
16%
Picardie
16%
Limousin
13%
Poitou-Charentes
9%
Aucun quiz correspondant
Distribution des résultats
% des personnes avec chaque résultat
Percentile par nombre de réponses
Votre historique - résultats
Vous n’avez pas pris ce quiz